Statistics for bungou stray dogs DEAD APPLE quiz

Click here to take the quiz!

General Stats

  • This quiz has been taken 67 times
  • The average score is 7 of 13

Answer Stats

HintAnswer% Correct
what does chuuya fight near the end of the film?dragon
88%
villain of the film (F.D.)fyodor dostoyevsky
88%
whos grave does dazai visitnear the start of the film?sakunosuke oda / odasaku
88%
ability of anwer 1crime and punishment
84%
villain of the film (T.S.)tatsuhiko shibusawa
78%
what covers the whole of yokohama?fog
75%
what fairy tale does dasai mention throughout the film?snow white
75%
how many people are in the dragons head feud?3
57%
what is the term used for a gifted commiting suicide?apple suicide
22%
what is the weak point of the abilitiescrystal
22%
who was the first person to get their ability back?akutagawa ryunosuke
8%
what is the hiding place of answer 2 called?mukurotoride
8%
ability of answer 2draconia's room
4%

Score Distribution

Percentile by Number Answered

Percent of People with Each Score

Your Score History

You have not taken this quiz